00499 2200181 4500001002100000005001500021035002000036007000300056008004100059020001800100082001200118084001800130100002000148245006600168260003400234300003800268650001100306INLIS00000000000026720231128110443 a0010-1123000050ta231128 g 0 ind  a979-497-501-X a634.773 a634.773 BAM p0 aBambang Cahyono1 aPisang :bBudu Daya dan Analisi Usaha Tani /cBambang Cahyono aYogyakarta :bKanisius,c1995 a88 hlm, :bilus, ;c14 cm x 21 cm 4aPisang